000 00997nam a22002537a 4500
003 CBULib
005 20240603081220.0
008 230705b |||||||| |||| 00| 0 eng d
040 _aCBULib
_cCBULib
_bEnglish
_erda
041 _aeng
050 _aUNCTAD(058)TDRO/2022
110 _aUnited Nations Conference in Trade and Development (UNCTAD)
245 _aTrade and development report 2022 : overview : development prospects in a fractured world : global disorder and regional responses
_c/ by United Nations Conference in Trade and Development (UNCTAD)
260 _aGeneva :
_bUnited Nations,
_c2023
300 _a24 pages
336 _2rdacontent
_aText |
_btxt
337 _2rdamedia
_aUnmediated |
_bn
338 _2rdacarrier
_aVolume
_bnc
610 _aUNITED NATIONS CONFERENCE ON TRADE AND DEVELOPMENT (UNCTAD)
650 _aINTERNATIONAL ECONOMIC RELATIONS--PERIODICALS
650 _aTRADE AND DEVELOPMENT
650 _aGLOBALIZATION--ECONOMIC ASPECTS
942 _c029
_2mc
999 _c80762
_d80762